Reasons of state: political development and India's foreign policy under Indira Gandhi 1966-1977 (Record no. 355472)

000 -LEADER
fixed length control field 00440cam a22001337a 4500
008 - FIXED-LENGTH DATA ELEMENTS--GENERAL INFORMATION
fixed length control field 180718b1982 xxu||||| |||| 00| 0 eng d
082 ## - DEWEY DECIMAL CLASSIFICATION NUMBER
Classification number Dx54 T329
100 ## - MAIN ENTRY--PERSONAL NAME
Personal name Tharoor, Shashi
245 ## - TITLE STATEMENT
Title Reasons of state: political development and India's foreign policy under Indira Gandhi 1966-1977
Statement of responsibility, etc. by Shashi Tharoor
260 ## - PUBLICATION, DISTRIBUTION, ETC.
Place of publication, distribution, etc. Delhi
Name of publisher, distributor, etc. Vikas
Date of publication, distribution, etc. 1982
300 ## - PHYSICAL DESCRIPTION
Extent 438p.
650 ## - SUBJECT ADDED ENTRY--TOPICAL TERM
Topical term or geographic name entry element India --Foreign relations
650 ## - SUBJECT ADDED ENTRY--TOPICAL TERM
Topical term or geographic name entry element Gandhi, Indira, 1917-1984
Holdings
Withdrawn status Lost status Damaged status Not for loan Permanent Location Current Location Date acquired Full call number Barcode Date last seen Price effective from Koha item type
        Indian Institute of Public Administration Indian Institute of Public Administration 1993-12-20 Dx54 T329 57951 2018-07-21 2018-07-21 Book

Powered by Koha